000 02915cam a2200253 4500500
005 20251228073852.0
041 _afre
042 _adc
100 1 0 _aDenti, Mario
_eauthor
245 0 0 _aNuove prospettive e vecchi paradigmi negli strumenti della formazione universitaria contemporanea. Considerazioni sulla manualistica di archeologia e storia dell'arte antica
260 _c2014.
500 _a82
520 _aL’article développe des considérations sur les modalités actuelles de conception et de présentation de l’archéologie et de l’histoire de l’art antique dans des travaux de synthèse à finalités principalement didactiques. L’analyse critique de quelques ouvrages récemment publiés permet d’aborder une série de questions concernant les logiques de la transmission du savoir dans le milieu académique, l’utilisation des catégories de l’archéologie et de l’histoire de l’art, aussi bien que l’actuelle dichotomie disciplinaire Grèce/Rome, avec une attention spécialement portée aux implications pédagogiques dans le milieu universitaire français.
520 _aNew perspectives and former paradigms in the instruments of the university education. Considerations on the manuals of archaeology and of antique art historyThis paper discusses the ways in which archaeology and the history of ancient art are conceived and presented in the works of synthesis with mainly didactic purposes. Critical analysis of some recent books raises some questions concerning the logic of the transmission of knowledge in the academic world, the use of principles of archaeology and history of art, and the actual disciplinary dichotomy between Greece and Rome, with a particular attention to implications in the French university world.
520 _aL’articolo sviluppa alcune considerazioni intorno alle modalità in cui l’archeologia e la storia dell’arte antica sono attualmente concepite e presentate nei lavori di sintesi a finalità principalmente didattica. L’esame critico di alcune opere di recente pubblicazione consente di affrontare una serie di questioni relative alle logiche della trasmissione del sapere in ambito accademico, all’impiego delle categorie di archeologia e di storia dell’arte, così come all’attuale dicotomia disciplinare Grecia/Roma, con un’attenzione particolare ai risvolti pedagogici propri del mondo universitario francese.
690 _acomparaisons France/Italie
690 _aenseignement universitaire
690 _amanuels d'archéologie et d'histoire de l'art antique
690 _acomparison between France and Italy
690 _amanuals of archaeology and of antique art history
690 _auniversity education
786 0 _nRevue archéologique | 57 | 1 | 2014-05-05 | p. 89-99 | 0035-0737
856 4 1 _uhttps://shs.cairn.info/revue-archeologique-2014-1-page-89?lang=fr&redirect-ssocas=7080
999 _c1596247
_d1596247